La Necrópolis megalítica de Ala-Safat, Transjordania / por M. Stekelis
Publicado:
Barcelona :
Diputación Provincial de Barcelona. Instituto de Prehistoria y Arqueología ,
1961
Descripción Física:
128 p. : amb làm. ; 27 cm
Colección:
Monografías ; 1
MARC
| LEADER | 00000nam a2200000Ia 4500 | ||
|---|---|---|---|
| 001 | 7802 | ||
| 008 | 160829s1961 xx 000 0 cat d | ||
| 080 | |a H-2-79 | ||
| 100 | |a Stekelis, M. |9 32436 | ||
| 245 | |a La Necrópolis megalítica de Ala-Safat, Transjordania / por M. Stekelis | ||
| 260 | |a Barcelona : |b Diputación Provincial de Barcelona. Instituto de Prehistoria y Arqueología, |c 1961 | ||
| 300 | |a 128 p. : |b amb làm. ; |c 27 cm | ||
| 490 | |a Monografías ; 1 | ||
| 650 | |a Ala-Safat (Jordània : Jaciment arqueològic) |9 32437 | ||
| 650 | |a Megàlits |x Jordània |9 32438 | ||
| 650 | |a Tombes |x Jordània I |9 32439 | ||
| 650 | |a Dòlmens |x Jordània |9 32440 | ||
| 650 | |a Jordània |x Arqueologia |9 32441 | ||
| 710 | 2 | |a Instituto de Prehistoria y Arqueología (Barcelona, Catalunya) |9 54255 | |
| 901 | |a Arxiu | ||
| 942 | |n 1 |2 udc | ||
| 952 | |0 0 |1 0 |4 0 |6 H279 |7 1 |9 45983 |a Arxiu |b Arxiu |d 2016-12-01 |l 0 |o H-2-79 |p 7802 |r 2016-12-01 00:00:00 |w 2016-12-01 |y ARXIU | ||
| 999 | |c 49484 |d 49484 | ||